| 000 | 00689nam a2200205Ia 4500 | ||
|---|---|---|---|
| 001 | 15350 | ||
| 003 | GE_BSU | ||
| 008 | 181216s||||||||xx |||||||||||||| ||und|| | ||
| 040 | _cGE_BSU | ||
| 080 | _a821.353.1-31 | ||
| 100 | _aყიფიანი,ედიშერ | ||
| 245 | _aცაში ასროლილი ქუდები | ||
| 245 | _cრედ.გ.შაჰნაზარი. მხატვ. ზ. ფორჩხიძე | ||
| 260 | _aთბილისი | ||
| 260 | _bსაბჭოთა საქართველო | ||
| 260 | _c1971 | ||
| 300 | _a281გვ.15სმ. | ||
| 653 | _aცაში ასროლილი ქუდები | ||
| 942 | _cBK | ||
| 999 |
_c48456 _d48456 |
||